<?xml version="1.0" encoding="UTF-8"?><?xml-stylesheet type="text/xsl" href="static/style.xsl"?><OAI-PMH xmlns="http://www.openarchives.org/OAI/2.0/" xmlns:xsi="http://www.w3.org/2001/XMLSchema-instance" xsi:schemaLocation="http://www.openarchives.org/OAI/2.0/ http://www.openarchives.org/OAI/2.0/OAI-PMH.xsd"><responseDate>2026-04-17T20:28:17Z</responseDate><request verb="GetRecord" identifier="oai:www.recercat.cat:20.500.14342/4243" metadataPrefix="marc">https://recercat.cat/oai/request</request><GetRecord><record><header><identifier>oai:recercat.cat:20.500.14342/4243</identifier><datestamp>2025-05-14T20:03:47Z</datestamp><setSpec>com_2072_482406</setSpec><setSpec>com_2072_183628</setSpec><setSpec>col_2072_482425</setSpec></header><metadata><record xmlns="http://www.loc.gov/MARC21/slim" xmlns:dcterms="http://purl.org/dc/terms/" xmlns:xsi="http://www.w3.org/2001/XMLSchema-instance" xmlns:doc="http://www.lyncode.com/xoai" xsi:schemaLocation="http://www.loc.gov/MARC21/slim http://www.loc.gov/standards/marcxml/schema/MARC21slim.xsd">
   <leader>00925njm 22002777a 4500</leader>
   <datafield ind2=" " ind1=" " tag="042">
      <subfield code="a">dc</subfield>
   </datafield>
   <datafield ind2=" " ind1=" " tag="720">
      <subfield code="a">Canut Cascalló, Mireia</subfield>
      <subfield code="e">author</subfield>
   </datafield>
   <datafield ind2=" " ind1=" " tag="720">
      <subfield code="a">López Planas, Maria</subfield>
      <subfield code="e">author</subfield>
   </datafield>
   <datafield ind2=" " ind1=" " tag="260">
      <subfield code="c">2020-06</subfield>
   </datafield>
   <datafield ind2=" " ind1=" " tag="520">
      <subfield code="a">Gender inequality is one of the challenges of the Agenda 2030 and one of the pending subjects in tourism’s path towards sustainability. This study aims to give insights of women’s situation in Barcelona’s tourism entrepreneurial market and clarify what are the initial barriers that are causing their underrepresentation. The barriers contemplated in this study which derive from previous research include: motivation, education, previous labour experience, family obligations, networking, risk aversion, social roles and self-perception. This research thesis has been conducted by means of qualitative data and semi-structured interviews to go deeper into the pre-selected barriers that frame the research purpose. The findings draw some guidelines for tourism stakeholders to improve their contribution to entrepreneurship parity and the overall sector’s social sustainability.</subfield>
   </datafield>
   <datafield ind1="8" ind2=" " tag="024">
      <subfield code="a">http://hdl.handle.net/20.500.14342/4243</subfield>
   </datafield>
   <datafield ind2="0" ind1="0" tag="245">
      <subfield code="a">Do women entrepreneurs face gender-based barriers when starting their own business in Barcelona's tourism sector?</subfield>
   </datafield>
</record></metadata></record></GetRecord></OAI-PMH>